Nuestro imaginario cultural : (Record no. 41802)
[ view plain ]
| 000 -CABECERA | |
|---|---|
| campo de control de longitud fija | 00706nam a2200217 a 4500 |
| 005 - FECHA Y HORA DE LA ÚLTIMA TRANSACCIÓN | |
| campo de control | 20240924071147.0 |
| 008 - ELEMENTOS DE LONGITUD FIJA--INFORMACIÓN GENERAL | |
| campo de control de longitud fija | 991125s1992 bar 000 0 spa u |
| 020 ## - NÚMERO INTERNACIONAL NORMALIZADO PARA LIBROS | |
| Número Internacional Estándar del Libro | 8476583222 |
| 035 ## - NÚMERO DE CONTROL DEL SISTEMA | |
| Número de control de sistema | UPN01000041802 |
| 049 ## - COLECCIÓN | |
| Colección | CG |
| 050 #4 - SIGNATURA TOPOGRÁFICA DE LA BIBLIOTECA DEL CONGRESO | |
| Número de clasificación | PQ7081 |
| Número de documento/Ítem | R6.6 |
| 100 1# - ASIENTO PRINCIPAL--NOMBRE PERSONAL | |
| Nombre de persona | Ross, Waldo, |
| Fechas asociadas al nombre | 1926- |
| 245 10 - MENCIÓN DE TÍTULO | |
| Título | Nuestro imaginario cultural : |
| Resto del título | simbólica literaria hispanoamericana / |
| Mención de responsabilidad, etc. | Waldo Ross ; epílogo de Andrés Ortiz-Osés. |
| 260 ## - PUBLICACIÓN, DISTRIBUCIÓN, ETC. | |
| Lugar de publicación, distribución, etc. | Barcelona, Esp. : |
| Nombre del editor, distribuidor, etc. | Anthropos, |
| Fecha de publicación, distribución, etc. | 1992. |
| 300 ## - DESCRIPCIÓN FÍSICA | |
| Extensión | 414 p. |
| 440 #0 - MENCIÓN DE SERIE/ASIENTO SECUNDARIO--TÍTULO | |
| Título | Autores, textos y temas. |
| Nombre de parte o sección de la obra | Hemeneusis ; |
| Designación de volumen o secuencia | 11 |
| 650 #4 - ASIENTO SECUNDARIO DE MATERIA - TERMINO TEMATICO | |
| Término de materia o nombre geográfico como elemento de entrada | Hermenéutica |
| 9 (RLIN) | 5799 |
| 650 #2 - ASIENTO SECUNDARIO DE MATERIA - TERMINO TEMATICO | |
| Término de materia o nombre geográfico como elemento de entrada | Literatura hispanoamericana |
| 9 (RLIN) | 1091 |
| 650 #4 - ASIENTO SECUNDARIO DE MATERIA - TERMINO TEMATICO | |
| Término de materia o nombre geográfico como elemento de entrada | MITOLOGIA EN LA LITERATURA |
| 9 (RLIN) | 14851 |
| 905 ## - TIPO DE MATERIAL | |
| Tipo de material | Libro |
| Estado de retiro | Estado de pérdida | Fuente del sistema de clasificación o colocación | Estado dañado | No para préstamo | Código de colección | Localización permanente | Ubicación/localización actual | Ubicación en estantería | Total de préstamos | Clasificación | Código de barras | Fecha visto por última vez | Número de copia | Tipo de ítem Koha |
|---|---|---|---|---|---|---|---|---|---|---|---|---|---|---|
| Library of Congress Classification | Colección General | Bib. Gregorio Torres Quintero | Bib. Gregorio Torres Quintero | Planta baja | 1 | PQ7081 R6.6 | 146004 | 31/12/2020 | 1 | Libro | ||||
| Library of Congress Classification | Colección General | Bib. Gregorio Torres Quintero | Bib. Gregorio Torres Quintero | Planta baja | 2 | PQ7081 R6.6 | 146006 | 31/12/2020 | 1 | Libro | ||||
| Library of Congress Classification | Colección General | Bib. Gregorio Torres Quintero | Bib. Gregorio Torres Quintero | Planta baja | 2 | PQ7081 R6.6 | 146005 | 31/12/2020 | 1 | Libro |
